000 00244nmm a2200085Ia 4500
008 220120s9999||||xx |||||||||||||||||und||
100 _aPCQ-DEC-2009
_911091
245 0 _aFull software, linux ISOs, mostly linux VYATTA, EA Sports, F
260 _c2009
999 _c139280
_d139280